Odd One Out: Presidents by Image Quiz Stats

 Plays Quiz Updated Jul 3, 2018

Score 0/15 Timer 06:00
4 Plays Today
Question Answer Wrong Answers
Which president did NOT serve in the military? Barack Obama
95.1%
George Washington
1%
Dwight D. Eisenhower
0.4%
Ulysses S. Grant
1.3%
Which president won an election WITHOUT winning the popular vote? George W. Bush
85%
Woodrow Wilson
4.1%
Ronald Reagan
5%
Dwight D. Eisenhower
3.7%
Which president is NOT featured on Mount Rushmore? Andrew Jackson
84.1%
George Washington
0.7%
Thomas Jefferson
5.2%
Theodore Roosevelt
7.8%
Which president was NOT born in Ohio? Abraham Lincoln
82.5%
Warren G. Harding
5.8%
Ulysses S. Grant
4.8%
William H. Taft
4.6%
Which president did NOT serve at least two full terms? Herbert Hoover
69.7%
George W. Bush
3.2%
Thomas Jefferson
10.6%
Woodrow Wilson
14.3%
Which president was NOT assassinated? Ulysses S. Grant
69.1%
John F. Kennedy
0.5%
Abraham Lincoln
0.5%
James A. Garfield
27.6%
Which president does NOT have a 'T' surname? Grover Cleveland
68.7%
Harry S. Truman
11%
Donald Trump
2%
William H. Taft
16.1%
Which president was NOT born before 1776? Martin Van Buren
68.2%
George Washington
1.7%
James Monroe
20.5%
James Madison
7.4%
Which president does NOT have a 4-letter surname? John Quincy Adams
62.6%
Gerald Ford
6.5%
James K. Polk
26.3%
George H.W. Bush
2.4%
Which president is NOT featured on a coin? Andrew Jackson
60.8%
George Washington
2.9%
Abraham Lincoln
1.5%
Franklin D. Roosevelt
32.7%
Which president does NOT have the first name James? John Tyler
53.1%
James Madison
10.9%
James Monroe
14.6%
James K. Polk
19.1%
Which president has NOT won the Nobel Peace Prize? John F. Kennedy
48.6%
Barack Obama
9.7%
Jimmy Carter
11.5%
Theodore Roosevelt
28.1%
Which president was NOT inaugurated before age 50? James Monroe
46.5%
Bill Clinton
21.9%
John F. Kennedy
12.9%
Franklin Pierce
16.4%
Which president does NOT share a surname with another president? Zachary Taylor
45.4%
William H. Harrison
26%
George W. Bush
3.4%
Andrew Johnson
22.9%
Which president did NOT also serve as Vice President? William McKinley
45.1%
John Adams
15%
Millard Fillmore
30%
Lyndon B. Johnson
7.6%

You're not logged in!

Compare scores with friends on all Sporcle quizzes.
OR
Log In

Sporcle TV

Today on Sporcle TV


Watch our educational content, quiz creation guides, and fun videos on Sporcle TV.

Show Comments

Extras

Top Quizzes Today


Score Distribution

Your Account Isn't Verified!

In order to create a playlist on Sporcle, you need to verify the email address you used during registration. Go to your Sporcle Settings to finish the process.

Report this User

Report this user for behavior that violates our Community Guidelines.

Details: